000 00945 a2200301 4500
001 6169
020 _a9788578270698
082 _a[Fic]
100 _aLewis, C. S.
240 1 0 _aThe complete chronicles of Narnia
250 _a2. ed. -
505 _aVolume único
521 _aYear 5
650 4 _aLiteratura
697 _aLiteratura irlandesa
697 _aFicção irlandesa
697 _aLiteratura inantojuvenil
740 _aThe complete chronicles of Narnia
856 _u000027/00002783.jpg
040 _aBIBLIODATA
_bpor
_dBR-BrIDEA
041 _apor
_heng
090 _aYear 5 [Fic]
_bLEW
245 1 0 _aAs crônicas de Nárnia
_cC. S. Lewis ; com ilustrações de Pauline Baynes ; tradução Paulo Mendes Campos, Silêda Steuernagel.
260 _aSão Paulo, SP
_bWMF Martins Fontes
_c2009
300 _a751 p.
_bil
700 _aBaynes, Pauline
_aCampos, Paulo Mendes
_d1922-1991
_aSteuernagel, Silêda
942 _cBK
999 _c6169
_d6169